Statystyki dla Flagi wszystkich państw świata

Kliknij tutaj aby rozwiązać quiz!

Ogólne statystyki

  • Ten quiz został rozwiązany 10 094 razy
  • Średni wynik to 116 z 196

Statystyki odpowiedzi

Odpowiedź% Poprawnych
Albania
98%
Belgia
96%
Białoruś
95%
Czechy
95%
Francja
95%
Austria
94%
Chorwacja
94%
Grecja
94%
Hiszpania
94%
Dania
93%
Estonia
93%
Finlandia
93%
Niemcy
93%
Bośnia i Hercegowina
92%
Holandia
92%
Irlandia
92%
Polska
92%
Rosja
92%
Ukraina
92%
Wielka Brytania
92%
Norwegia
91%
Portugalia
91%
Szwajcaria
91%
Szwecja
91%
Turcja
91%
Włochy
91%
Bułgaria
90%
Macedonia Północna
90%
Słowacja
90%
Islandia
89%
Malta
89%
Rumunia
89%
Słowenia
89%
Watykan
89%
Czarnogóra
88%
Kosowo
88%
Litwa
88%
Łotwa
88%
Serbia
88%
Andora
87%
Luksemburg
87%
Monako
87%
San Marino
87%
Węgry
87%
Liechtenstein
83%
Egipt
82%
Mołdawia
82%
Japonia
79%
Algieria
78%
Chiny
77%
Republika Południowej Afryki
77%
Cypr
76%
Indie
76%
Izrael
76%
Korea Południowa
76%
Arabia Saudyjska
75%
Nigeria
74%
Gruzja
72%
Maroko
72%
Indonezja
71%
Korea Północna
71%
Iran
70%
Kazachstan
70%
Angola
69%
Czad
69%
Katar
69%
Kanada
68%
Kenia
67%
Tunezja
67%
Armenia
65%
Brazylia
65%
Irak
65%
Meksyk
65%
Nepal
65%
Stany Zjednoczone
65%
Argentyna
64%
Bangladesz
63%
Filipiny
63%
Kamerun
63%
Etiopia
62%
Chile
61%
Ghana
61%
Jamajka
61%
Wybrzeże Kości Słoniowej
61%
Niger
60%
Senegal
60%
Madagaskar
59%
Azerbejdżan
58%
Gabon
57%
Kolumbia
57%
Pakistan
57%
Wietnam
57%
Bhutan
56%
Kuba
56%
Australia
55%
Burkina Faso
55%
Panama
55%
Seszele
55%
Sri Lanka
55%
Uganda
55%
Urugwaj
55%
Botswana
54%
Demokratyczna Republika Konga
54%
Liban
54%
Somalia
54%
Syria
54%
Afganistan
53%
Liberia
53%
Tajlandia
53%
Ekwador
52%
Malezja
52%
Mongolia
52%
Peru
52%
Singapur
52%
Kostaryka
51%
Wenezuela
51%
Benin
50%
Dominikana
50%
Kambodża
50%
Bahrajn
49%
Jemen
48%
Kirgistan
48%
Laos
48%
Libia
48%
Zambia
48%
Mali
47%
Nowa Zelandia
47%
Burundi
46%
Erytrea
46%
Jordania
46%
Mozambik
46%
Eswatini
45%
Honduras
45%
Republika Środkowoafrykańska
45%
Tajwan
45%
Uzbekistan
45%
Barbados
44%
Lesotho
44%
Sudan
44%
Dominika
43%
Kuwejt
43%
Mauretania
43%
Oman
43%
Paragwaj
43%
Boliwia
42%
Dżibuti
42%
Gwinea
42%
Zimbabwe
42%
Haiti
41%
Turkmenistan
41%
Zjednoczone Emiraty Arabskie
41%
Malawi
40%
Tanzania
40%
Togo
40%
Brunei
39%
Komory
39%
Kongo
39%
Malediwy
39%
Mjanma
39%
Gambia
38%
Gwinea Równikowa
38%
Tadżykistan
38%
Bahamy
37%
Gwinea Bissau
37%
Mauritius
37%
Sierra Leone
37%
Sudan Południowy
37%
Rwanda
36%
Antigua i Barbuda
35%
Belize
34%
Gwatemala
34%
Papua Nowa Gwinea
34%
Fidżi
33%
Namibia
33%
Nikaragua
33%
Timor Wschodni
33%
Republika Zielonego Przylądka
32%
Salwador
32%
Gujana
31%
Trynidad i Tobago
31%
Grenada
30%
Saint Lucia
30%
Surinam
30%
Wyspy Świętego Tomasza i Książęca
30%
Mikronezja
29%
Palau
29%
Wyspy Marshalla
28%
Kiribati
27%
Saint Kitts i Nevis
27%
Saint Vincent i Grenadyny
27%
Nauru
26%
Tonga
26%
Wyspy Salomona
24%
Samoa
23%
Tuvalu
22%
Vanuatu
22%

Rozkład punktacji

Percentyl według liczby udzielonych odpowiedzi

Procent ludzi z każdym wynikiem

Twoja historia wyników

Nie rozwiązałeś tego quizu